00345nam a2200133Ia 4500003000400000008004100004040001600045082002100061100001900082245005300101260002100154650002300175650001300198GCL140319s9999 xx 000 0 eng d aGCL / cGCL04aCHb372.216bM E1 aMORIN, PATRICK10aL'EAU LA TERRE, L'AIR, LE FEU / cMORIN, PATRICK a[S.N] : bNATHAN04aSTUDY AND TEACHING04aCHILDREN